000 00676nam a2200217Ia 4500
008 240729s9999 xx 000 0 und d
022 _a2353-6977
245 0 _aApplied Computer Science
260 _aPoland
260 _bPolish Association for Knowledge Promotion
650 _a Electronic computers. Computer science
650 _a Industrial engineering. Management engineering
650 _a Information technology | Science
650 _a Instruments and machines
650 _a Mathematics
650 _a Technology (General)
650 _aTechnology
856 _uhttps://doaj.org/toc/0a00cadea5394ac9a37275284e0e27ca
942 _2ddc
942 _cDOAJEJ
999 _c68079
_d68079
945 _a1
_bMadushi Gamage
_c1
_dMadushi Gamage